00424 2200169 4500001002100000008004100021035002000062245003100082100001800113260002800131300002600159020002200185084001400207082000800221650001000229990001500239INLIS000000000003283 ind  a0010-1225000104 aGadis KretekcRatih Kumala aKumala, Ratih aJakartabGramediac2024 a278 hlmc13,5 x 20 cm a978-979-22-8141-5 a813 RAT g a813 aFiksi a19758/B/26